| 000 | 00965nam a22003017a 4500 | ||
|---|---|---|---|
| 003 | CHAP | ||
| 005 | 20220329143903.0 | ||
| 008 | 120605s1980 a r 00010 spa d | ||
| 010 | _a103280 | ||
| 011 | _a104252 | ||
| 035 | _a114942 | ||
| 040 | _cCHAP | ||
| 090 | _aFolleto 18259 | ||
| 100 | 1 |
_aMatz, R. _973123 |
|
| 245 | 1 | 0 |
_aElectrodiálisis de agua moderadamente salada evaluación económica para la aplicación en la Agricultura _c/por R. Matz |
| 260 |
_a[s.l.] : _b[s.n.], _c[198-?] |
||
| 300 |
_a27 p. : _bgráfs., tablas |
||
| 590 |
_aBATCH-UPD _b10 _c20130110 _lUCH01 _h1440 |
||
| 590 |
_aBATCH-UPD _b10 _c20130410 _lUCH01 _h0912 |
||
| 590 |
_aCONVERSION _b10 _c20130109 _lUCH01 _h1357 |
||
| 650 | 1 | 4 |
_aAgua de mar _xDestilacion. _92418 |
| 650 | 1 | 4 |
_aAgua para irrigacion. _92430 |
| 650 | 1 | 4 |
_aAgua _xDesalacion. _92365 |
| 650 | 1 | 4 |
_aOsmosis. _984198 |
| 901 | _aBK | ||
| 942 | _cFOLL | ||
| 949 |
_aFolleto 18259 _bBC _cFOLL _d33724002332090 _eTS1 _i114942 _sb |
||
| 999 |
_c103280 _d103280 |
||